MARC details
| 000 -CABECERA |
| campo de control de longitud fija |
01999nam a2200421 i 4500 |
| 001 - NÚMERO DE CONTROL |
| campo de control |
000014662 |
| 003 - IDENTIFICADOR DEL NÚMERO DE CONTROL |
| campo de control |
DO-SdBNP |
| 005 - FECHA Y HORA DE LA ÚLTIMA TRANSACCIÓN |
| campo de control |
20260321073639.0 |
| 007 - CAMPO FIJO DE DESCRIPCIÓN FÍSICA--INFORMACIÓN GENERAL |
| campo de control de longitud fija |
ta |
| 008 - DATOS DE LONGITUD FIJA--INFORMACIÓN GENERAL |
| campo de control de longitud fija |
100118s2009 dr a 001 0 spa d |
| 020 ## - NÚMERO INTERNACIONAL ESTÁNDAR DEL LIBRO |
| Número Internacional Estándar del Libro |
9789993475217 |
| 040 ## - FUENTE DE LA CATALOGACIÓN |
| Centro catalogador/agencia de origen |
DO-SdBNP |
| Lengua de catalogación |
spa |
| Centro/agencia transcriptor |
BNPHU |
| Normas de descripción |
rda |
| 082 #4 - NÚMERO DE LA CLASIFICACIÓN DECIMAL DEWEY |
| Número de clasificación |
RD864.44 |
| Número de documento/Ítem |
J91b |
| Número de edición |
22 |
| 245 00 - MENCIÓN DE TÍTULO |
| Título |
Juan Bosch : |
| Resto del título |
maestro de la narrativa latinoamericana (selección de textos críticos) / |
| Mención de responsabilidad, etc. |
compilador y editor, Miguel Collado. |
| 264 ## - PRODUCCIÓN, PUBLICACIÓN, DISTRIBUCIÓN, FABRICACIÓN Y COPYRIGHT |
| Producción, publicación, distribución, fabricación y copyright |
Santo Domingo : |
| Nombre del de productor, editor, distribuidor, fabricante |
CEDIBIL, |
| Fecha de producción, publicación, distribución, fabricación o copyright |
2009. |
| 300 ## - DESCRIPCIÓN FÍSICA |
| Extensión |
926 páginas : |
| Otras características físicas |
ilustraciones ; |
| Dimensiones |
23 cm. |
| 336 ## - TIPO DE CONTENIDO |
| Fuente |
rdacontent |
| Término de tipo de contenido |
texto |
| Código de tipo de contenido |
txt |
| 337 ## - TIPO DE MEDIO |
| Fuente |
rdamedia |
| Nombre/término del tipo de medio |
mediación |
| Código del tipo de medio |
n |
| 338 ## - TIPO DE SOPORTE |
| Fuente |
rdacarrier |
| Nombre/término del tipo de soporte |
volumen |
| Código del tipo de soporte |
nc |
| 490 1# - MENCIÓN DE SERIE |
| Mención de serie |
Publicaciones de CEDIBIL |
| Designación de volumen o secuencia |
30 |
| 490 1# - MENCIÓN DE SERIE |
| Mención de serie |
Calímaco |
| Designación de volumen o secuencia |
26 |
| 490 1# - MENCIÓN DE SERIE |
| Mención de serie |
Antologías y compilaciones |
| Designación de volumen o secuencia |
3 |
| 500 ## - NOTA GENERAL |
| Nota general |
Incluye índice onomástico |
| 500 ## - NOTA GENERAL |
| Nota general |
Incluye referencias bibliográficas y notas al pie de las páginas |
| 504 ## - NOTA DE BIBLIOGRAFÍA, ETC. |
| Nota de bibliografía, etc. |
Bibliografía : p. 897-907. |
| 505 0# - NOTA DE CONTENIDO CON FORMATO |
| Nota de contenido con formato |
Prefacio- |
| Información miscelánea |
Primera parte-- |
| Título |
La narrativa Boschiana ante la crítica de su patria-- |
| -- |
La mañosa , de Juan Bosch / |
| Mención de responsabilidad |
Héctor Incháustegui Cabral 1912-1979-- |
| Título |
La rica narrativa de Juan Bosch / |
| Mención de responsabilidad |
Mariano Lebrón Saviñón 1922- -- |
| Título |
Presencia de Juan Bosch / |
| Mención de responsabilidad |
Víctor Villegas-- |
| Título |
Sobre la obra cuentista de Juan Bosch / |
| Mención de responsabilidad |
Manuel Salvador Gautier 1930- -- |
| Título |
Forzados, un cuento premonitorio de Juan Bosch / |
| Mención de responsabilidad |
Manuel Mora Serrano 1933- .... |
| 590 ## - NOTA LOCAL (RLIN) |
| Nota local |
Inventariado, 2024/BT |
| 590 ## - NOTA LOCAL (RLIN) |
| Nota local |
La biblioteca posee 3 ejemplares autografiados por el compilador. |
| 600 10 - PUNTO DE ACCESO ADICIONAL DE MATERIA--NOMBRE DE PERSONA |
| Nombre de persona |
Bosch, Juan, |
| Fechas asociadas al nombre |
1909-2001 |
| 9 (RLIN) |
76555 |
| 650 #4 - PUNTO DE ACCESO ADICIONAL DE MATERIA--TÉRMINO DE MATERIA |
| Término de materia o nombre geográfico como elemento de entrada |
Literatura domincana |
| Subdivisión general |
Crítica e interpretación |
| 9 (RLIN) |
33212 |
| 700 1# - PUNTO DE ACCESO ADICIONAL--NOMBRE DE PERSONA |
| Nombre de persona |
Collado, Miguel A., |
| Fechas asociadas al nombre |
1954- |
| Término indicativo de función/relación |
compilador y editor |
| 9 (RLIN) |
24696 |
| 710 2# - PUNTO DE ACCESO ADICIONAL--NOMBRE DE ENTIDAD CORPORATIVA |
| Nombre de entidad corporativa o nombre de jurisdicción como elemento de entrada |
Centro Dominicano de Investigaciones Bibliográficas. |
| 9 (RLIN) |
1224 |
| 830 ## - PUNTO DE ACCESO ADICIONAL DE SERIE-TÍTULO UNIFORME |
| Número de parte o sección de la obra |
Publicaci |
| 9 (RLIN) |
85259 |
| 830 #0 - PUNTO DE ACCESO ADICIONAL DE SERIE-TÍTULO UNIFORME |
| Número de parte o sección de la obra |
Calímaco |
| Nombre de parte o sección de la obra |
26 |
| 9 (RLIN) |
10335 |
| 830 #0 - PUNTO DE ACCESO ADICIONAL DE SERIE-TÍTULO UNIFORME |
| Número de parte o sección de la obra |
Antologías y compilaciones |
| Nombre de parte o sección de la obra |
3 |
| 9 (RLIN) |
85260 |
| 910 ## - DATOS DE OPCIÓN DEL USUARIO (OCLC) |
| Datos de opción del usuario |
Validado. Control de calidad MMOLINA |
| 942 ## - ELEMENTOS DE PUNTO DE ACCESO ADICIONAL (KOHA) |
| Fuente del sistema de clasificación o colocación |
Dewey Decimal Classification |
| Tipo de ítem Koha |
Libro |